Poľsko v roku zmien

Politická a ekonomická situácia v Poľsku. Členstvo v NATO - budúca bezpečnosť. Hlavní obchodní partneri v oblasti vývozu a dovozu. Podiel z celkového obratu na vývoze a dovoze v r. 1994. Hospodárske reformy.

Na minha lista:
Detalhes bibliográficos
Formato: Capítulo de Livro
Idioma:eslovaco
Assuntos:
Tags: Adicionar Tag
Sem tags, seja o primeiro a adicionar uma tag!

MARC

LEADER 00000naa a2200000 4500
001 r026882
005 20251104124529.5
041 0 |a slo 
044 |a SK 
245 1 0 |a Poľsko v roku zmien 
520 |a Politická a ekonomická situácia v Poľsku. Členstvo v NATO - budúca bezpečnosť. Hlavní obchodní partneri v oblasti vývozu a dovozu. Podiel z celkového obratu na vývoze a dovoze v r. 1994. Hospodárske reformy. 
610 2 0 |a vývoj hospodársky 
610 2 0 |a situácia hospodárska 
610 2 0 |a Poľsko 
610 2 0 |a NATO 
610 2 0 |a vývoz 
610 2 0 |a dovoz 
610 2 0 |a reformy hospodárske